Normal view
MARC view
- Smillie, Ian.
Entry Personal Name
001 - CONTROL NUMBER
- control field: 12744
003 - CONTROL NUMBER IDENTIFIER
- control field: NUST
005 - DATE AND TIME OF LATEST TRANSACTION
- control field: 20181220065958.0
008 - FIXED-LENGTH DATA ELEMENTS
- fixed length control field: 181220|| aca||aabn | a|a d
040 ## - CATALOGING SOURCE
- Original cataloging agency: NUST
- Transcribing agency: NUST
100 ## - HEADING--PERSONAL NAME
- Personal name: Smillie, Ian.
670 ## - SOURCE DATA FOUND
- Source citation: Work cat.: (NUST)0: Smillie, Ian., Freedom from want :, 2009.
